| 000 | 01242cam a22003737a 4500 | ||
|---|---|---|---|
| 003 | CHAP | ||
| 005 | 20220817043059.0 | ||
| 008 | 971010s1983 r 00010 d | ||
| 010 | _a64988 | ||
| 011 | _a65960 | ||
| 035 | _a73611 | ||
| 040 | _cCHAP | ||
| 082 |
_a333.0972 _bC47 |
||
| 110 | _aCentro de Estudios Históricos del Agrarismo en México | ||
| 245 | 1 | 3 | _aEl proyecto agrario de Natalio Vázquez Pallares |
| 260 |
_aMéxico, D.F. : _bCEHAM, _c1983 |
||
| 300 | _a126 p | ||
| 490 | 0 | _aCol. Conmemorativa | |
| 590 |
_aBATCH-UPD _b10 _c20130110 _lUCH01 _h0437 |
||
| 590 |
_aBATCH-UPD _b10 _c20130110 _lUCH01 _h2317 |
||
| 590 |
_aBATCH-UPD _b10 _c20130410 _lUCH01 _h0112 |
||
| 590 |
_aBATCH-UPD _b10 _c20130410 _lUCH01 _h1608 |
||
| 590 |
_aBATCH-UPD _b10 _c20130914 _lUCH01 _h1001 |
||
| 590 |
_aCONVERSION _b10 _c20130109 _lUCH01 _h1335 |
||
| 650 | 1 | 4 |
_aTierras _xTenencia _zMéxico. _9113215 |
| 700 | 0 |
_aGrecko, Roberto. _950536 |
|
| 700 | 0 |
_aMárquez, Juan. _976365 |
|
| 700 | 0 |
_aVázquez Pallares, Natalio. _9120462 |
|
| 830 | 0 |
_aCol. Conmemorativa _924531 |
|
| 901 | _aBK | ||
| 942 | _cLIBRO | ||
| 949 |
_a333.0972 C47 _bBC _cLIBRO _d33724000631354 _eLIBRO _h92170 _i73611 _sb |
||
| 949 |
_a630 C4 _bCRUAN _cLIBRO _d-6427 _eLIBRO _h267 _i73611 _si |
||
| 999 |
_c64988 _d64988 |
||